Statistiques concernant Word Scramble- Ville du Brésil

Cliquez ici pour prendre le quiz!

Statistiques générales

  • Ce quiz a été pris 21 fois
  • Le résultat moyen est 7 sur 15

Statistiques - réponses

Ville mélangerRéponse% Correct
ORI ED NJAOEIRRio de Janeiro
100%
OãS POUALSão Paulo
100%
SRALIBAíBrasília
80%
ANSUAMManaus
60%
OPTRO EERGALPorto Alegre
60%
CEFREIRecife
55%
LBOE ZONETHOIRBelo Horizonte
45%
TAAFRLZOEFortaleza
45%
RVADSLAOSalvador
45%
TUIBCIRACuritiba
35%
GOMI DAS USCRZEMogi das Cruzes
20%
PCAMáAMacapá
15%
UAUBRBauru
5%
IGIPATANIpatinga
0%
OAINLRNDLondrina
0%

Distribution des résultats

Percentile par nombre de réponses

% des personnes avec chaque résultat

Votre développement - résultats

Vous n’avez pas pris ce quiz